ბათუმის შოთა რუსთაველის სახელმწიფო უნივერსიტეტის ბიბლიოთეკა

ჩანაწერი Personal Name

ჩანაწერთა რაოდენობა, რომელიც გამოყენებულია: 7

001 - CONTROL NUMBER

  • control field: 1690

003 - CONTROL NUMBER IDENTIFIER

  • control field: GE_BSU

005 - DATE AND TIME OF LATEST TRANSACTION

  • control field: 20190527203844.0

008 - FIXED-LENGTH DATA ELEMENTS

  • fixed length control field: 190527|| aca||aabn | a|a d

040 ## - CATALOGING SOURCE

  • Original cataloging agency: GE_BSU
  • Transcribing agency: GE_BSU

100 ## - HEADING--PERSONAL NAME

  • Personal name: ბექაია, გურამ

670 ## - SOURCE DATA FOUND

  • Source citation: Work cat.: (GE_BSU)36387: დიასამიძე, გურანდა 1689, მიკროცირკულაციის ცვლილებები პირის ღრუს ქსოვილებში /